We need to talk about Kelvin : what everyday things tell us about the universe /

Saved in:
Bibliographic Details
Main Author: Chown, Marcus.
Format: Book
Language:English
Published: London : Faber and Faber, 2009.
Subjects:
Tags: Add Tag
No Tags, Be the first to tag this record!
LEADER 00888cam a22002898a 4500
001 012575004-8
005 20101027112751.0
008 090627s2009 enk b 001 0 eng
015 |a GBA969164  |2 bnb 
016 7 |a 015326468  |2 Uk 
020 |a 9780571244010 (hbk.) 
020 |a 0571244017 (hbk.) 
035 0 |a ocn426118622 
040 |a UKM  |c UKM  |d YDXCP  |d CDX  |d SINLB  |d MIA 
082 0 4 |a 523.1  |2 22 
090 |a QB982  |b .C4696 2009 
100 1 |a Chown, Marcus. 
245 1 0 |a We need to talk about Kelvin :  |b what everyday things tell us about the universe /  |c Marcus Chown. 
260 |a London :  |b Faber and Faber,  |c 2009. 
300 |a xiii, 269 p. ;  |c 23 cm. 
504 |a Includes bibliographical references (p. 219-235) and index. 
650 0 |a Cosmology  |v Popular works. 
650 0 |a Reality  |v Popular works. 
899 |a 415_565121 
988 |a 20100923 
049 |a HLSS 
906 |0 OCLC